<?xml version="1.0" encoding="UTF-8"?>
<collection xmlns="http://www.loc.gov/MARC21/slim">
  <record>
    <leader>00000nam  2200000   4500</leader>
    <controlfield tag="001">INLIS000000000013212</controlfield>
    <controlfield tag="005">20220905091800</controlfield>
    <datafield tag="035" ind1="#" ind2="#">
      <subfield code="a">0010-0822000013</subfield>
    </datafield>
    <datafield tag="245" ind1="1" ind2="#">
      <subfield code="a">Penegakan Peraturan Daerah Terkait Ijin Mendirikan Bangunan Melalui Pendekatan yang Humanis di Kabupaten Lamandau (PANDERI YANG MANIS) Satpol PP dan Damkar Lamandau /</subfield>
      <subfield code="c">Triadi Eka Asi Jayadiputera, S.STP., M.Si.</subfield>
    </datafield>
    <datafield tag="100" ind1=" " ind2="#">
      <subfield code="a">JAYADIPUTERA,Asi Eka Triadi</subfield>
    </datafield>
    <datafield tag="250" ind1="#" ind2="#">
      <subfield code="a">1</subfield>
    </datafield>
    <datafield tag="300" ind1="#" ind2="#">
      <subfield code="a">40 halaman.,lampiran :</subfield>
      <subfield code="b">ilustrasi ;</subfield>
      <subfield code="c">30 cm</subfield>
    </datafield>
    <datafield tag="260" ind1="#" ind2="#">
      <subfield code="a">Samarinda :</subfield>
      <subfield code="b">Puslatbang KDOD,</subfield>
      <subfield code="c">2020</subfield>
    </datafield>
    <datafield tag="084" ind1="#" ind2="#">
      <subfield code="a">PKN 298 2020</subfield>
    </datafield>
    <datafield tag="520" ind1="#" ind2="#">
      <subfield code="a">Laporan proyek perubahan ini menjelaskan upaya penegakan peraturan terkait Ijin Mendirikan Bangunan (IMB) dengan dua pendekatan humanis dengan sasaran tahap pertama adalah pemilik bangunan rumah sewa/kosan/barak. Pendekatan pertama adalah merubah perilaku aparat satpol PP dalam penegakan perda di lapangan yang mengutamakan sisi simpatik, ramah, dan santun. Pendekatan kedua adalah merubah aturan mengenai dispensansi persyaratan bagi bangunan gedung yang sudah terlanjur berdiri sehingga diberikan kelonggaran pada syarat pembuatan gambar rumah, dimana tidak harus berupa gambar sitasi, tetapi dapat berupa sketsa dengan skala tertentu.</subfield>
    </datafield>
    <datafield tag="500" ind1="#" ind2="#">
      <subfield code="a">Coach : Prof. Dr. Sukisno S. Riadi M.M&#13;
Penguji : Ismayanti, DEM.., DEA&#13;
Mentor : Hendra Lesmana</subfield>
    </datafield>
    <controlfield tag="008">220905################|##########|#|##</controlfield>
    <datafield tag="650" ind1="#" ind2="4">
      <subfield code="a">Proyek Perubahan</subfield>
    </datafield>
    <datafield tag="650" ind1="#" ind2="4">
      <subfield code="a">Kepemimpinan Nasional Tingkat II</subfield>
    </datafield>
    <datafield tag="650" ind1="#" ind2="4">
      <subfield code="a">sistem informasi</subfield>
    </datafield>
    <datafield tag="650" ind1="#" ind2="4">
      <subfield code="a">inovasi pelayanan</subfield>
    </datafield>
    <datafield tag="650" ind1="#" ind2="4">
      <subfield code="a">layanan pemerintah</subfield>
    </datafield>
    <datafield tag="650" ind1="#" ind2="4">
      <subfield code="a">ijin mendirikan bangunan</subfield>
    </datafield>
    <datafield tag="650" ind1="#" ind2="4">
      <subfield code="a">layanan aparat</subfield>
    </datafield>
    <datafield tag="650" ind1="#" ind2="4">
      <subfield code="a">satpol pp</subfield>
    </datafield>
    <datafield tag="990" ind1="#" ind2="#">
      <subfield code="a">PKN/298/2020</subfield>
    </datafield>
  </record>
</collection>
